Social benefits and migration <a> contested relationship and policy challenge in the EU
Gespeichert in:
| Weitere Verfasser: | , , |
|---|---|
| Format: | Buch |
| Sprache: | Englisch |
| Veröffentlicht: |
Brussels
Centre for European Policy Studies
2013
|
| Schlagworte: | |
| Tags: |
Keine Tags, Fügen Sie das erste Tag hinzu!
|
MARC
| LEADER | 00000nlm a2200000 4500 | ||
|---|---|---|---|
| 001 | 0230028 | ||
| 005 | 20240416113604.2 | ||
| 020 | |a 978-94-6138-349-5 | ||
| 041 | 0 | |a eng | |
| 044 | |a BE | ||
| 245 | 1 | 0 | |a Social benefits and migration |b <a> contested relationship and policy challenge in the EU |c edited by: Elspeth Guild, Sergio Carrera and Katharina Eisele |
| 264 | 1 | |a Brussels |b Centre for European Policy Studies |c 2013 | |
| 300 | |a 152 s. | ||
| 610 | 2 | 0 | |a migrácia |
| 610 | 2 | 0 | |a politika migračná |
| 610 | 2 | 0 | |a politika sociálna |
| 610 | 2 | 0 | |a azyl |
| 610 | 2 | 0 | |a bezpečnosť európska |
| 610 | 2 | 0 | |a bezpečnosť medzinárodná |
| 610 | 2 | 0 | |a Európska únia |
| 700 | 1 | |a Guild, Elspeth | |
| 700 | 1 | |a Carrera, Sergio | |
| 700 | 1 | |a Eisele, Katharina | |